[Event "EU-ch 15th"]
[Site "Yerevan"]
[Date "2014.03.14"]
[Round "11"]
[White "Apresyan, Zohrak"]
[Black "Ramazian, Arshak"]
[Result "1/2-1/2"]
[WhiteElo "2136"]
[BlackElo "2336"]
[PlyCount "112"]
[EventDate "2014.03.03"]
[EventType "swiss"]
[EventRounds "11"]
[EventCountry "ARM"]
[SourceTitle "CBM 160"]
[Source "ChessBase"]
[SourceDate "2014.05.15"]
[SourceVersion "1"]
[SourceVersionDate "2014.05.15"]
[SourceQuality "1"]

1. e4 c5 2. Nf3 Nc6 3. Bb5 g6 4. Bxc6 dxc6 5. h3 Bg7 6. d3 h6 7. 0-0 Nf6 8. Nc3 0-0 9. Be3 b6 10. Qd2 Kh7 11. Nh2 e5 12. f4 exf4 13. Rxf4 Be6 14. Raf1 Nd7 15. R4f2 Ne5 16. Nf3 Nxf3+ 17. Rxf3 Qe7 18. Qe1 f5 19. Bd2 fxe4 20. Qxe4 Rxf3 21. Rxf3 Qd7 22. Rf1 Re8 23. Qh4 Bf5 24. Re1 g5 25. Qg3 Rxe1+ 26. Bxe1 c4 27. dxc4 Bxc2 28. b3 Bd3 29. Qf3 Bd4+ 30. Kh1 Qf5 31. Qxf5+ Bxf5 32. g4 Bd3 33. Kg2 Kg6 34. Kf3 Kf7 35. Ne2 Bf6 36. Nc3 Bg6 37. Ke3 Ke6 38. Ne4 Be7 39. Bg3 Ba3 40. Bb8 Bc1+ 41. Kf3 Ba3 42. Bxa7 Ke5 43. Nc3 Bb4 44. Bb8+ Kd4 45. Ne2+ Kd3 46. Ng3 b5 47. cxb5 cxb5 48. a4 bxa4 49. bxa4 Be8 50. Nf5 Bxa4 51. Nxh6 Be1 52. Kg2 Ke2 53. Bg3 Bd2 54. Nf5 Bc6+ 55. Kh2 Bb7 56. h4 gxh4 1/2-1/2

[Event "EU-ch 15th"]
[Site "Yerevan"]
[Date "2014.03.13"]
[Round "10"]
[White "Meribanov, Vitaly"]
[Black "Apresyan, Zohrak"]
[Result "1/2-1/2"]
[WhiteElo "2410"]
[BlackElo "2136"]
[PlyCount "110"]
[EventDate "2014.03.03"]
[EventType "swiss"]
[EventRounds "11"]
[EventCountry "ARM"]
[SourceTitle "CBM 160"]
[Source "ChessBase"]
[SourceDate "2014.05.15"]
[SourceVersion "1"]
[SourceVersionDate "2014.05.15"]
[SourceQuality "1"]

1. d4 Nf6 2. c4 c5 3. d5 b5 4. cxb5 a6 5. bxa6 Bxa6 6. Nc3 g6 7. e4 Bxf1 8. Kxf1 d6 9. g3 Bg7 10. Kg2 Nbd7 11. Nf3 Ng4 12. Nd2 Nge5 13. Qe2 Nb6 14. a4 Qc8 15. f4 Ned7 16. a5 Qa6 17. Ra3 Qxe2+ 18. Nxe2 Nc8 19. Nc4 Rb8 20. b3 0-0 21. Bd2 f5 22. exf5 Rxf5 23. Ne3 Rf8 24. Rb1 Na7 25. b4 Rfc8 26. Ra2 Rb5 27. Ra4 Kf7 28. g4 Nb8 29. a6 Nd7 30. Kf3 Rcb8 31. Nc4 cxb4 32. Rbxb4 Rxb4 33. Bxb4 Rb5 34. Bd2 Rxd5 35. Be3 Nc5 36. Ra3 Rd1 37. Nd2 Bb2 38. Ra2 Bc1 39. Nc3 Re1 40. Kf2 Nd3+ 41. Kf3 Nc5 42. Na4 Bxd2 43. Bxd2 Rf1+ 44. Ke2 Rh1 45. Nxc5 dxc5 46. Kd3 Rxh2 47. Kc4 h5 48. gxh5 gxh5 49. Kxc5 h4 50. Kb6 h3 51. Kxa7 Rg2 52. Ra1 Rxd2 53. Kb6 Rb2+ 54. Kc6 h2 55. a7 Rc2+ 1/2-1/2

[Event "EU-ch 15th"]
[Site "Yerevan"]
[Date "2014.03.07"]
[Round "5"]
[White "Apresyan, Zohrak"]
[Black "Sipila, Vilka"]
[Result "1/2-1/2"]
[WhiteElo "2136"]
[BlackElo "2457"]
[PlyCount "135"]
[EventDate "2014.03.03"]
[EventType "swiss"]
[EventRounds "11"]
[EventCountry "ARM"]
[SourceTitle "CBM 160"]
[Source "ChessBase"]
[SourceDate "2014.05.15"]
[SourceVersion "1"]
[SourceVersionDate "2014.05.15"]
[SourceQuality "1"]

1. e4 c6 2. d4 d5 3. Nd2 dxe4 4. Nxe4 Nf6 5. Nxf6+ exf6 6. Bf4 Qb6 7. Rb1 Be6 8. b3 Bb4+ 9. Bd2 Qxd4 10. Nf3 Qe4+ 11. Be2 0-0 12. 0-0 a5 13. Re1 Bf5 14. Bd3 Qd5 15. Bxf5 Qxf5 16. Bxb4 axb4 17. Re7 b5 18. Qd6 c5 19. Rbe1 h6 20. Nh4 Qc8 21. Rc7 Qd8 22. Qxd8 Rxd8 23. Rxc5 g6 24. g3 Rxa2 25. Re7 Nd7 26. Rd5 Ra7 27. Ng2 Rb7 28. Re4 Rdb8 29. Rxb4 Ne5 30. Rf4 Ra8 31. Ne3 Kg7 32. Rd6 f5 33. Kg2 Rc8 34. h3 Nc6 35. Rd5 Kf8 36. Rc5 Ke7 37. c4 b4 38. Rb5 Rcb8 39. Rc5 Nd8 40. Ra5 Ne6 41. Nd5+ Kf8 42. Rf3 h5 43. h4 Kg7 44. Rd3 Kf8 45. Kf3 Rd8 46. Ke3 Rc8 47. Rb5 Rcb8 48. Rxb7 Rxb7 49. Rd2 Ke8 50. Ra2 Nc5 51. Ra5 Nxb3 52. Rb5 Ra7 53. Rxb4 Ra3 54. Rb8+ Kd7 55. Rb7+ Kd6 56. Rxf7 Na5+ 57. Ke2 Nxc4 58. Nf4 Ra2+ 59. Kf1 Nd2+ 60. Kg1 Ne4 61. Nxg6 Nxf2 62. Nf4 Ne4 63. Nxh5 Ke5 64. Re7+ Kd4 65. Rf7 Ra1+ 66. Kg2 Ra2+ 67. Kg1 Ra1+ 68. Kg2 1/2-1/2

[Event "EU-ch 15th"]
[Site "Yerevan"]
[Date "2014.03.06"]
[Round "4"]
[White "Danielian, Elina"]
[Black "Apresyan, Zohrak"]
[Result "1/2-1/2"]
[WhiteElo "2467"]
[BlackElo "2136"]
[PlyCount "114"]
[EventDate "2014.03.03"]
[EventType "swiss"]
[EventRounds "11"]
[EventCountry "ARM"]
[SourceTitle "CBM 160"]
[Source "ChessBase"]
[SourceDate "2014.05.15"]
[SourceVersion "1"]
[SourceVersionDate "2014.05.15"]
[SourceQuality "1"]

1. d4 Nf6 2. Bg5 c5 3. Bxf6 gxf6 4. d5 Qb6 5. Qc1 f5 6. e3 Bg7 7. c3 e6 8. Nh3 Na6 9. Nf4 Nc7 10. Nh5 Rg8 11. Nxg7+ Rxg7 12. dxe6 fxe6 13. Nd2 d5 14. c4 Bd7 15. g3 Bc6 16. Bg2 d4 17. e4 0-0-0 18. 0-0 Ne8 19. Re1 Nd6 20. Qc2 h5 21. Rab1 h4 22. b4 hxg3 23. hxg3 f4 24. Nb3 fxg3 25. f4 d3 26. Qxd3 Nxe4 27. Qe3 Nf2 28. bxc5 Qc7 29. Qxe6+ Rgd7 30. Bxc6 Qxc6 31. Qxc6+ bxc6 32. Kg2 Nd3 33. Re4 Rg8 34. f5 Rh7 35. Rg1 Rh2+ 36. Kf3 g2 37. f6 Rh6 38. f7 Rf6+ 39. Ke3 Rxf7 40. Kxd3 Rf1 41. Re8+ Rxe8 42. Rxg2 Rf3+ 43. Kc2 Ref8 44. Rg6 R8f6 45. Rg8+ Kb7 46. Kb2 Rf2+ 47. Ka3 Rc2 48. Rg4 Ka6 49. Rh4 Rff2 50. Kb4 Rxa2 51. Rh6 Rab2 52. Ka3 Ra2+ 53. Kb4 Rf3 54. Nd4 Rb2+ 55. Ka4 Ra2+ 56. Kb4 Rb2+ 57. Ka4 Ra2+ 1/2-1/2

[Event "EU-ch 15th"]
[Site "Yerevan"]
[Date "2014.03.05"]
[Round "3"]
[White "Apresyan, Zohrak"]
[Black "Melia, Salome"]
[Result "1/2-1/2"]
[WhiteElo "2136"]
[BlackElo "2453"]
[PlyCount "151"]
[EventDate "2014.03.03"]
[EventType "swiss"]
[EventRounds "11"]
[EventCountry "ARM"]
[SourceTitle "CBM 160"]
[Source "ChessBase"]
[SourceDate "2014.05.15"]
[SourceVersion "1"]
[SourceVersionDate "2014.05.15"]
[SourceQuality "1"]

1. e4 c5 2. Nf3 Nc6 3. Bb5 g6 4. Bxc6 bxc6 5. Nc3 Bg7 6. 0-0 d6 7. d3 e5 8. Nd2 Ne7 9. Qe1 g5 10. Nc4 h6 11. Ne2 0-0 12. Qa5 Qd7 13. Ng3 Rb8 14. Ne3 Rb5 15. Qa3 Qc7 16. Bd2 Be6 17. c4 Rb7 18. Bc3 Qd7 19. Rac1 Rfb8 20. Rfe1 Kh7 21. Rcd1 Kg6 22. Qa4 d5 23. exd5 cxd5 24. Qxd7 Rxd7 25. cxd5 Nxd5 26. Nxd5 Rxd5 27. Re4 Rbd8 28. h4 gxh4 29. Rxh4 Rxd3 30. Rxd3 Rxd3 31. Ra4 Rd7 32. Ne4 Rc7 33. Ra5 c4 34. Bxe5 Bxe5 35. Rxe5 Rb7 36. b3 cxb3 37. axb3 Bxb3 38. Ra5 Rc7 39. Ra6+ Be6 40. Kh2 Kf5 41. Nd6+ Ke5 42. Nb5 Rc2 43. f4+ Kf6 44. f5 Ra2 45. Rxa2 Bxa2 46. Nxa7 Kxf5 47. Nb5 Kf4 48. Nd4 Bc4 49. Kg1 Ke4 50. Nc2 Bd3 51. Nb4 Bb5 52. Kf2 h5 53. Nc2 Ba4 54. Ne1 Bd1 55. g3 Bg4 56. Ng2 f6 57. Nh4 Bd7 58. Ng2 Kf5 59. Nh4+ Kg4 60. Nf3 Bc6 61. Nd4 Be4 62. Ne2 f5 63. Nd4 Bd5 64. Ne2 Bf3 65. Nd4 Bd1 66. Ne6 Bb3 67. Nd4 Bc4 68. Nf3 Bd5 69. Nd4 f4 70. gxf4 Kxf4 71. Kg1 Bc4 72. Kh2 Ke4 73. Nc6 Bf7 74. Kg3 Be8 75. Kh4 Bxc6 76. Kxh5 1/2-1/2

[Event "EU-ch 15th"]
[Site "Yerevan"]
[Date "2014.03.03"]
[Round "1"]
[White "Apresyan, Zohrak"]
[Black "Esen, Baris"]
[Result "1/2-1/2"]
[WhiteElo "2136"]
[BlackElo "2563"]
[PlyCount "81"]
[EventDate "2014.03.03"]
[EventType "swiss"]
[EventRounds "11"]
[EventCountry "ARM"]
[SourceTitle "CBM 160"]
[Source "ChessBase"]
[SourceDate "2014.05.15"]
[SourceVersion "1"]
[SourceVersionDate "2014.05.15"]
[SourceQuality "1"]

1. e4 g6 2. d4 Bg7 3. Nf3 d6 4. Bc4 Nf6 5. Nc3 0-0 6. 0-0 c6 7. Re1 d5 8. Bb3 Bg4 9. Bg5 Be6 10. Qd2 Nbd7 11. Bh6 dxe4 12. Nxe4 Bd5 13. Bxd5 cxd5 14. Nxf6+ exf6 15. Bxg7 Kxg7 16. Qb4 Qb6 17. Qxb6 Nxb6 18. Re7 Rab8 19. Rae1 Rfc8 20. c3 Na4 21. Rd7 Nb6 22. Rde7 Kf8 23. Kf1 a5 24. R1e2 a4 25. a3 Nc4 26. Rd7 Re8 27. Rxe8+ Kxe8 28. Rxd5 Nxb2 29. Nd2 b5 30. Ke2 h5 31. Ne4 Ke7 32. Nd6 Ke6 33. Rxb5 Rxb5 34. Nxb5 Kd5 35. Kd2 Kc6 36. Na7+ Kb7 37. Nb5 Kc6 38. Na7+ Kb7 39. Nb5 Kc6 40. Na7+ Kb7 41. Nb5 1/2-1/2

[Event "Jermuk Asrian Memorial 4th"]
[Site "Jermuk"]
[Date "2011.06.19"]
[Round "4"]
[White "Apresyan, Zohrak"]
[Black "Turova, Irina"]
[Result "1/2-1/2"]
[WhiteElo "2121"]
[BlackElo "2442"]
[PlyCount "56"]
[EventDate "2011.06.16"]
[EventType "swiss"]
[EventRounds "9"]
[EventCountry "ARM"]
[SourceTitle "CBM 143 Extra"]
[Source "ChessBase"]
[SourceDate "2011.08.29"]
[SourceVersion "1"]
[SourceVersionDate "2011.08.29"]
[SourceQuality "1"]

1. e4 e5 2. Nf3 Nc6 3. d4 exd4 4. Nxd4 Nf6 5. Nc3 Bb4 6. Nxc6 bxc6 7. Bd3 d5 8. exd5 0-0 9. 0-0 cxd5 10. Bg5 c6 11. Qf3 Be7 12. Rae1 Re8 13. h3 Be6 14. Ne2 h6 15. Bc1 Bd6 16. Nd4 Bd7 17. Nf5 Bxf5 18. Qxf5 Qd7 19. Rd1 Qxf5 20. Bxf5 c5 21. c3 Rab8 22. Rfe1 a5 23. Rxe8+ Rxe8 24. Kf1 Kf8 25. Bc2 Rc8 26. Bb3 c4 27. Ba4 Bc5 28. Bf4 Ke7 1/2-1/2

[Event "Moscow op-E"]
[Site "Moscow"]
[Date "2011.02.03"]
[Round "6.96"]
[White "Gurkin, Anton"]
[Black "Apresyan, Zohrak"]
[Result "1-0"]
[WhiteElo "2275"]
[BlackElo "2089"]
[PlyCount "53"]
[EventDate "2011.01.29"]
[EventType "swiss"]
[EventRounds "9"]
[EventCountry "RUS"]
[SourceTitle "EXT 2022"]
[Source "ChessBase"]
[SourceDate "2021.10.06"]
[SourceVersion "1"]
[SourceVersionDate "2021.10.06"]
[SourceQuality "1"]

1. e4 c5 2. c3 d5 3. exd5 Qxd5 4. Na3 Nf6 5. d4 cxd4 6. Nb5 Qd8 7. Bf4 Nd5 8. Qxd4 Nxf4 9. Qxf4 Na6 10. Rd1 Qb6 11. Nf3 f6 12. Bc4 Be6 13. Nd6+ exd6 14. Bxe6 Nc5 15. Nd4 Nxe6 16. Nxe6 Ke7 17. Nd4 Kf7 18. 0-0 Re8 19. Rfe1 Re5 20. Nf3 Rxe1+ 21. Rxe1 d5 22. Ne5+ Kg8 23. Nd7 Qd8 24. Qf5 h6 25. Qxd5+ Kh7 26. Qxb7 a5 27. Re8 1-0

[Event "Jermuk Asrian Memorial 3rd"]
[Site "Jermuk"]
[Date "2010.10.11"]
[Round "7"]
[White "Eranyan, Khachatur"]
[Black "Apresyan, Zohrak"]
[Result "1-0"]
[WhiteElo "2120"]
[BlackElo "2109"]
[PlyCount "57"]
[EventDate "2010.10.05"]
[EventType "swiss"]
[EventRounds "9"]
[EventCountry "ARM"]
[SourceTitle "CBM 138 Extra"]
[Source "ChessBase"]
[SourceDate "2010.10.29"]
[SourceVersion "1"]
[SourceVersionDate "2010.10.29"]
[SourceQuality "1"]

1. d4 Nf6 2. Nf3 g6 3. g3 Bg7 4. Bg2 0-0 5. 0-0 c5 6. d5 d6 7. c4 b5 8. cxb5 a6 9. b6 Qxb6 10. Nc3 Nbd7 11. e4 Ng4 12. Nd2 Nge5 13. f4 c4+ 14. Kh1 Nd3 15. Nxc4 Qd4 16. Ne3 Nxb2 17. Qxd4 Bxd4 18. Bxb2 Bxe3 19. Ne2 Nb6 20. Bd4 Bxd4 21. Nxd4 Bd7 22. Rfc1 Rfc8 23. Nc6 Kf8 24. Rab1 Na4 25. Rb7 Bxc6 26. dxc6 Nc5 27. Rb6 Rc7 28. e5 Nd7 29. Rb7 1-0

[Event "EU-ch U16"]
[Site "Batumi"]
[Date "2010.09.23"]
[Round "4"]
[White "Mokshanov, Alexey"]
[Black "Apresyan, Zohrak"]
[Result "1-0"]
[WhiteElo "2271"]
[BlackElo "2109"]
[PlyCount "63"]
[EventDate "2010.09.20"]
[EventType "swiss"]
[EventRounds "9"]
[EventCountry "GEO"]
[SourceTitle "CBM 138 Extra"]
[Source "ChessBase"]
[SourceDate "2010.10.29"]
[SourceVersion "1"]
[SourceVersionDate "2010.10.29"]
[SourceQuality "1"]

1. e4 c5 2. Nf3 Nc6 3. Bb5 g6 4. Bxc6 dxc6 5. h3 Bg7 6. Nc3 Nf6 7. d3 Nd7 8. Be3 e5 9. Qd2 Qe7 10. 0-0 Nf8 11. Ne2 Ne6 12. Ng5 h6 13. Nxe6 Bxe6 14. Qc3 b6 15. b4 c4 16. dxc4 0-0 17. Rfd1 f5 18. f3 fxe4 19. fxe4 Qh4 20. Rd6 Rae8 21. Qd3 Bxh3 22. gxh3 Rf3 23. Rxg6 Qxh3 24. Rd1 Ref8 25. Rxg7+ Kxg7 26. Qd7+ Qxd7 27. Rxd7+ Kh8 28. Rd3 Rg8+ 29. Kh2 Rg4 30. Bd4 Rxe4 31. Rxf3 Rxe2+ 32. Rf2 1-0

[Event "EU-ch U14 19th"]
[Site "Fermo"]
[Date "2009.09.01"]
[Round "2"]
[White "Apresyan, Zohrak"]
[Black "Eltigani, Omar"]
[Result "1/2-1/2"]
[WhiteElo "2021"]
[BlackElo "2260"]
[PlyCount "93"]
[EventDate "2009.08.31"]
[EventType "swiss"]
[EventRounds "9"]
[EventCountry "ITA"]
[SourceTitle "CBM 132 Extra"]
[Source "ChessBase"]
[SourceDate "2009.11.03"]
[SourceVersion "1"]
[SourceVersionDate "2009.11.03"]
[SourceQuality "1"]

1. e4 c5 2. Nf3 e6 3. d4 cxd4 4. Nxd4 a6 5. c4 Nf6 6. Nc3 Bb4 7. Bd3 Nc6 8. Nc2 Be7 9. 0-0 Qc7 10. b3 Ne5 11. Bb2 Nfg4 12. g3 h5 13. h3 Nxd3 14. Qxd3 Ne5 15. Qe2 b6 16. Rad1 Bb7 17. Ba3 Bxa3 18. Nxa3 Qc5 19. Nc2 b5 20. Nd4 h4 21. Qe3 hxg3 22. Qxg3 Rh6 23. b4 Qxc4 24. Ncxb5 axb5 25. Qxe5 Qc3 26. f3 Qe3+ 27. Rf2 Rxa2 28. Qb8+ Ke7 29. Qd6+ Kxd6 30. Nf5+ Ke5 31. Nxe3 Rxf2 32. Kxf2 Rxh3 33. Rxd7 Bxe4 34. fxe4 Kxe4 35. Nf1 Rf3+ 36. Ke2 Rf4 37. Nd2+ Ke5 38. Nf3+ Kf6 39. Nd4 e5 40. Nc2 g5 41. Rb7 Ke6 42. Rxb5 g4 43. Ne3 g3 44. Rb8 e4 45. Rg8 Rf2+ 46. Ke1 Rb2 47. Rxg3 1/2-1/2